| 000 | 01364nam0a22003131 4500 | ||
|---|---|---|---|
| 001 | v19\rc\1775405 | ||
| 005 | 20260406021334.0 | ||
| 035 | _a(NLR Aleph) 004891637 | ||
| 090 |
_a5277575 _c5277575 |
||
| 100 | _a20061204e19041904|||y0rusy50 ca | ||
| 101 | 0 | _arus | |
| 102 | _aRU | ||
| 105 | _aa z ||||| | ||
| 200 | 1 |
_aЗаконы царя Хаммураби _fА.Г. Гусаков |
|
| 210 |
_aСанкт-Петербург _cтипо-лит. Шредера _d1904 |
||
| 215 |
_a[1], 44 с., 1 л. ил. _d24 |
||
| 311 | _aОтт. из "Изв. С.-Петерб. политехн. ин-та" за 1904 г., т. 1 | ||
| 488 | 0 |
_12001#$aИзвестия Санкт-Петербургского политехнического института$v1904, т. 1 _tИзвестия Санкт-Петербургского политехнического института |
|
| 700 | 1 |
_7ca _8rus _aГусаков _bА. Г. _f1857-1928 _gАндрей Георгиевич _9250144 _3RU\NLR\AUTH\770250200 |
|
| 702 | 0 |
_4570 _7ca _8rus _aХаммурапи _cцарь вавилонский _f18 в. до н.э. _9105775 _3RU\NLR\AUTH\77122850 |
|
| 801 | 0 |
_aRU _bNLR _gpsbo |
|
| 801 | 0 |
_aRU _bRuMoRGB _2psbo |
|
| 801 | 1 |
_aRU _bProSoft-M _2rusmarc |
|
| 852 |
_aNLR _j69-7/2458 |
||
| 899 |
_aRuMoRGB _jA 323/361 |
||
| 899 | _aГПИБ | ||
| 942 | _cBOOK | ||
| 980 | _aNB | ||